Phản ứng của thị trường với thông tin thay đổi cổ phiếu trong danh mục FTSE trên thị trường chứng khoán Việt Nam /
Saved in:
| Main Author: | |
|---|---|
| Other Authors: | |
| Format: | Article |
| Language: | Vietnamese |
| Subjects: | |
| Tags: |
Add Tag
No Tags, Be the first to tag this record!
|
| Institutions: | Thư viện Trường Đại học Đà Lạt |
|---|
| LEADER | 00916nam a2200277 4500 | ||
|---|---|---|---|
| 001 | DLU180187778 | ||
| 005 | ##20181011 | ||
| 040 | # | # | |a DLU |b vie |
| 041 | # | # | |a vie |
| 044 | # | # | |a vn |
| 100 | # | # | |a Võ Xuân Vinh. |
| 245 | # | # | |a Phản ứng của thị trường với thông tin thay đổi cổ phiếu trong danh mục FTSE trên thị trường chứng khoán Việt Nam / |c Võ Xuân Vinh, Đặng Bửu Kiếm. |
| 653 | # | # | |a FTSE |
| 653 | # | # | |a Quỹ đầu tư nước ngoài |
| 653 | # | # | |a Thay đổi cổ phiếu |
| 700 | # | # | |a Đặng Bửu Kiếm. |
| 773 | # | # | |t Kinh tế & Phát triển |g Số 223, 2016, tr. 41-50 |
| 920 | # | # | |a Phòng Tạp chí -- Trung tâm Thông tin - Thư viện Trường Đại học Đà Lạt |
| 994 | # | # | |a DLU |
| 900 | # | # | |a True |
| 911 | # | # | |a Nguyễn Thị Thu Phương |
| 925 | # | # | |a G |
| 926 | # | # | |a A |
| 927 | # | # | |a BB |
| 980 | # | # | |a Thư viện Trường Đại học Đà Lạt |